=LDR 00000nam 2200000 4500 =001 INLIS000000000015857 =005 20200907085953 =035 ##$$a 0010-061300000015857 =008 200907################g##########0#ind## =041 ##$$a Ind =082 ##$$a 291.13 =090 ##$$a 291.13, Sob m =100 1#$$a Sobary, Muhammad =245 1#$$a Mitos dan para petapa /$c Muhammad Sobary =260 ##$$a Jakarta :$b Penebar Swadaya,$c 1995 =300 ##$$a ix, 119 hlm. ; $c 14,5x20,5 cm. =650 #4$$a Hubungan dan sikap agama-agama =850 ##$$a NBPNMAT =020 ##$$a 979-8312-93-7 =084 ##$$a 291.13 SOB m =990 ##$$a 102.816/pro96 =990 ##$$a 116.222/pro97 =990 ##$$a 116.223 pro.97